Vieme správne zberať zeleninu?

Podrobná bibliografia
Hlavný autor: Lučanská, H. (Autor)
Médium: Článok
Jazyk:slovenčina
Fyzický popis:Obr. 1. Graf 1.
Predmet:

MARC

LEADER 00000nab a2200000 a 4500
001 vtls000003338
003 SK-MaSNL
005 20260303020813.0
008 140328c1978 xo 0 slo
015 |a SNBRB19rr/mm-uuuuu 
035 |a CL0013430 
040 |a SNKBUCL  |b slo  |c SNKBUCL  |e AACR2 
041 0 |a slo 
044 |a xo  |c SK 
080 |a 635.1/.8  |2 1981 
080 |a 631.5  |2 1981 
100 1 |a Lučanská, H.  |4 aut  |9 865876 
245 1 0 |a Vieme správne zberať zeleninu?  |c H. Lučanská 
300 |b Obr. 1. Graf 1. 
650 0 7 |a zelenina  |2 snkbucl  |9 2731 
655 7 |a články z novín a časopisov  |2 snkbucl  |9 267496 
773 0 |t Záhradkár chovateľ  |g Roč. 14, č. 6 (1978), s. 210 
850 |a Slovenská národná knižnica v Martine  |a MTA001 
852 |a SNK  |b KIS3GCP 
958 |a RK 
992 |a RBX 
999 |c 1619965  |d 1621895